Statistiques concernant Oleee Quiz

Cliquez ici pour prendre le quiz!

Statistiques générales

  • Ce quiz a été pris 5 fois
  • Le résultat moyen est 5 sur 10

Statistiques - réponses

QuestionRéponse% Correct
Quels sont les mots favoris de Oscar?ça va les chinois
100%
Premiere excursion en voiture pour ArthurA failli écraser le pied d'un mec en scooter
67%
Combien de fois Virgile a lavé ses draps dans la rési?Jamais
67%
Le déclin de vie sociale de La Rom a été causé par...la play et sorare
67%
Palaz et sa premiere foisN'a pas réussi à éjac
67%
La teille est partie moins vite au Bling Bling dû au fait queon attendait l'arrivée des mannequins
33%
Lacapa a vomit...Sur le pantalon de grand mere d'Arthur
33%
Mathieu au Bling Bling a dansé...Un rock
33%
Victor ne sort plus en boite parce que...il dépense trop avec sa meuf
0%
Baptiste a été en couple avec...Son voisin de rési
0%

Distribution des résultats

Percentile par nombre de réponses

% des personnes avec chaque résultat

Votre développement - résultats

Vous n’avez pas pris ce quiz